[Event "Bor"]
[Site "Bor"]
[Date "1986.??.??"]
[Round "6"]
[White "Eingorn, Vereslav S"]
[Black "Velimirovic, Dragoljub"]
[Result "1/2-1/2"]
[WhiteElo "2570"]
[BlackElo "2570"]
[EventDate "1986.10.??"]

1. d4 Nf6 2. Nf3 c5 3. d5 g6 4. Nc3 Bg7 5. e4 O-O 6. Be2 d6 7. O-O e6 8. 
Nd2! {Keeping his pawn on d5, White retains his advantage in space and 
prepares the standard Nf3-d2-c4 maneuver. } 8. ... exd5 9. exd5 Na6 {After
the knight transferring to c7 Black intends to prepare the b7-b5 advance. 
} 10. Nc4 Nc7 11. Bf4 {The pawn structure that has arisen is 
characteristic for the Benoni Defense: Black has a vulnerable d6-pawn in 
his camp. } ( 11. a4 b6 12. Bf4 Ba6 13. Bxd6! Bxc4 14. Bxc7 Bxe2 15. Bxd8 
Bxd1 16. Bxf6 Bxc2 17. Be7 Rfb8 18. d6 Rb7 19. a5 b5 20. Nd5 Bb3 {1-0(44) 
Kozul, Zdenko (2612) - Ponomariov, Ruslan (2616) / SLO Team Ch (4), Bled 
SLO 1999} ) ( 11. a4 b6 12. Bf4 Nfe8 13. Ne4 Ba6 14. Ncxd6 Bxe2 15. Qxe2 
Nxd5 {0-1(34) Rogozenco, Dorian (2435) - Glek, Igor (2580) / Bayern-chI 
Bank Hofmann 2nd (8), Bad Wiessee GER 1998} ) 11. ... b5! 12. Nxd6 b4 13. 
Na4 Ncxd5 14. Bg3 Qa5 15. b3 Ba6! ( 15. ... Bd7?! 16. Nb7! ) 16. Bxa6 Qxa6
17. Qf3 ( 17. Nxc5 Qc6 ) 17. ... Rad8 18. Nc4 Nb6! 19. Nxc5 Qc8 20. Nxb6 
axb6 21. Nd3 Nh5 22. Rad1 Nxg3 23. hxg3 Qc3 24. Nf4 Qxc2 25. Nd5 Qc5 26. 
Nf6+ Bxf6 1/2-1/2

[Event "RUS Ch m1-2"]
[Site "Elista RUS"]
[Date "1997.05.23"]
[Round "2.2"]
[White "Svidler, Peter"]
[Black "Malakhov, Vladimir"]
[Result "1-0"]
[WhiteElo "2640"]
[BlackElo "2540"]
[EventDate "1997.05.19"]

1. e4 c5 2. Nf3 g6 3. d4 Bg7 4. d5 Nf6 5. Nc3 d6 6. Be2 O-O 7. O-O e6 8. 
Nd2 exd5 9. exd5 Nbd7 10. Nc4 Nb6! {Decreasing the white pressure on the 
d6-pawn. } 11. Ne3! {Possessing more space, White should avoid unnecessary
exchanges. He intends to kick the black knight with a2-a4-a5 and then 
return his knight to its dominating position. 
} 11. ... Bd7 12. a4 Rb8 13. Nb5! ( 13. a5 Nc8 14. Nc4 b5 15. axb6 axb6 
16. Bf4 Ne8 17. Qd2 b5 18. Na5 Qb6 19. Ra2 Nf6 20. Bf3 b4 {0-1(65) 
Prokopchuk, Evgeny (2450) - Malakhov, Vladimir (2535) / RUS Ch U20 (2), 
Ekaterinburg RUS 1996} ) 13. ... Ne8 14. c4! {White magnifies his spatial 
advantage and hampers the eventual b7-b5 advance. } 14. ... Nc8 15. g4! 
Nf6 16. Nc3 Re8 17. Bf3 h6 18. Bd2 b6 19. Rb1 a5 20. Kh1 Ne7 21. Be2 Kh8 
22. f4! +/- {Having deprived his opponent of counterplay on the queenside,
step by step White prepares a kingside attack. The black pieces, 
especially the knights, suffer from lack of space. } 22. ... Neg8 23. Bf3 
Nh7 24. Ne4 Bc8 25. Qc2 Rb7 26. Rbe1 Rbe7 27. b3 Bd4 28. Qd3 Ngf6 29. Nf2 
g5 30. Nc2 Rxe1 31. Bxe1 Bxf2 32. Rxf2 Nxg4 33. Bc3+ Kg8 34. Rg2 Ngf6 35. 
fxg5 hxg5 36. Ne3 Qe7 37. Nf5 Bxf5 38. Qxf5 Nd7 39. Re2 Ne5 40. Bxe5 dxe5 
41. Be4 Nf8 42. h4 Ng6 43. h5 Nf8 44. d6 Qd8 45. Rf2 f6 46. Qxf6 Qxf6 47. 
Rxf6 Kg7 48. Rf5 Kh6 49. Rf7 Kxh5 50. d7 Rd8 51. Bf5 g4 52. Re7 Kg5 53. 
Rxe5 Kf4 54. Re8 Rxd7 55. Bxd7 Nxd7 56. Kg2 Ne5 57. Re6 Nf3 58. Rxb6 Nh4+ 
59. Kf1 g3 60. Rc6 1-0

[Event "Belgrade"]
[Site "Belgrade SRB"]
[Date "1993.??.??"]
[Round "7"]
[White "Khalifman, Alexander"]
[Black "Hodgson, Julian M"]
[Result "1/2-1/2"]
[WhiteElo "2645"]
[BlackElo "2625"]
[EventDate "1993.12.??"]
[Annotator "Glatman"]

1. e4 d6 2. d4 Nf6 3. Nc3 g6 4. Nf3 Bg7 5. Be2 c5 6. d5 ( 6. dxc5 Qa5 ) 
6. ... O-O 7. O-O e6 8. Nd2 ( 8. dxe6 Bxe6 9. Be3!? Nc6 10. Qd2 += ) 
8. ... exd5 9. exd5 Nbd7 10. Nc4 ( 10. a4 Nb6 11. Bf3 Bd7 12. a5 Nc8 13. 
Ra3! Rb8 14. Nc4 b5 15. axb6 axb6 16. Bf4 Qc7 17. Ra6! Ne8 18. Ra2 b5 = {
Zajd,L-Ionescu,Co/Sofia/ 1988/ Inf 46/73/} ) 10. ... Nb6 11. Ne3 Ne8!? {
Hodgson/

The previous example has shown that Black's main problem is to find a job 
for his knights. In the examined game Hodgson managed to do it right. Pay 
attention to the black cavalry maneuvers: Nf6-e8-c7 and Nb6-d7-f6. } ( 
11. ... Bd7 12. a4 a6 13. Re1 ( 13. a5 Nc8 14. Nc4 Bb5 15. Bg5 h6 16. Bh4 
Re8 {Petursson,M-Cseshkovsky,V/ Palma de Mallorca/1989/} 17. Re1!? = ) 
13. ... Re8 14. Bf3 Qc7 15. Bd2 a5 {Ftacnik,L-Gdanski,J/Stara Zagora 
(zt)/1990/} 16. b3 c4 17. Rc1 Qc5 18. Be2 Ne4! ~ {Gdanski/} ) 12. a4 f5! {
Black does not let his opponent to squeeze him on the kingside. } 13. f4 (
13. a5 Nd7 14. Nc4 Ne5 = ) ( 13. a5 Nd7 14. Nc4 Ne5 15. Bf4 Nxc4 16. Bxc4 
g5 17. Bd2 h6 18. Qe2 Bd7 19. Rfe1 Nc7 20. Rab1 Re8 21. Qd3 Qf6 22. Nb5 
Nxb5 23. Bxb5 Bxb5 24. Qxb5 Qf7 25. c4 Be5 {1-0(71) Leko, Peter (2665) - 
Markowski, Tomasz (2525) / Rubinstein Memorial 35th (1), Polanica Zdroj 
POL 1998} ) 13. ... Nd7 14. a5 Ndf6 15. h3 N ( 15. Nc4!? Bd7 ) ( 15. Bf3 
Nc7 16. Nc4 Rb8 17. Be3 b5 18. axb6 axb6 = {
Rozentalis,E-Hodgson,J/Rakvere/1993/ 0,5 (45)/} ) ( 15. Kh1 Nc7 16. Bf3 
Rb8 17. h3 h5 18. Qe1 b5! 19. axb6 axb6 20. Qg3 Kh7 21. Rb1 Na6 22. b3 b5 
23. Bb2 Re8 24. Rbe1 Rb7 25. Qh4 Ne4 {0-1(59) Staniszewski, Piotr (2454) -
Markowski, Tomasz (2549) / POL Ch 56th (4), Polanica Zdroj POL 1999} ) 
15. ... h5 ( 15. ... Nc7 16. g4 Bd7 17. g5 += ) 16. Nc4 Nc7! ( 16. ... Bd7
!? 17. Be3 Rb8 18. Qd2 b5 19. axb6 axb6 ~ ) 17. Be3 Nfe8! 18. Qd3 Bd7 19. 
Rfe1 Rb8 20. Nd2 Nf6?! ( 20. ... b5 21. axb6 axb6 22. Nf3 b5 =+ ) 21. Bf3 
Re8 ( 21. ... b5!? ) 22. Bf2 Rxe1+ 23. Rxe1 Qf8 24. Nc4 += Bh6 25. Qd2 b5!
{Black managed to deploy his pieces harmoniously, and now he achieves his 
cherished goal: after b7-b5 he obtains sufficient counterplay. } 26. axb6 
axb6 27. b4! b5 ( 27. ... cxb4 28. Na2 b5 29. Nb6 +/- ) 28. Na5?! ( 28. 
Nb2!? c4 ( 28. ... cxb4 29. Na2 += ) 29. Bd4 +/- ) 28. ... cxb4 29. Ne2 ( 
29. Na2?! Ra8 30. Qxb4 □ Ncxd5 31. Qd2 Qf7 -/+ ) 29. ... Qf7 30. Nc6 Re8
31. Nxb4 Ne4 32. Bxe4 Rxe4 =+ 33. c3 Ne8 34. Bh4 Nf6 35. Bg5!? Bg7?! ( 
35. ... Bxg5!? 36. fxg5 Nh7 {/\Qe7=/+/} ) 36. Rd1 Re8 37. Bxf6 □ Qxf6 
38. Nd4 = Qe7 39. Qd3 Qe3+ 40. Qxe3 Rxe3 41. Nbc6! ( 41. Rc1? Rxc3 42. 
Rxc3 Bxd4+ -+ ) 41. ... Rxc3 42. Nxb5 Rc5 43. Nxd6 Bf8 ( 43. ... Bxc6 44. 
dxc6 Rxc6 = ) 44. Ne5 ( 44. Nb7 Bxc6 45. dxc6 ( 45. Nxc5 Bxc5+ 46. Kh1 Bd7
-/+ ) ) 44. ... Ba4 45. Ra1 Bxd6 46. Rxa4 Bxe5 47. fxe5 Rxd5 1/2-1/2

[Event "Novosibirsk"]
[Site "Novosibirsk RUS"]
[Date "1995.??.??"]
[Round "4"]
[White "Ehlvest, Jaan"]
[Black "Svidler, Peter"]
[Result "0-1"]
[WhiteElo "2630"]
[BlackElo "2635"]
[EventDate "1995.10.??"]

1. d4 d6 2. e4 Nf6 3. Nc3 g6 4. Nf3 Bg7 5. Be2 O-O 6. O-O Nc6 {Preparing 
to attack the white center with e7-e5.} 7. d5! {Although this move widens 
the scope of the g7-bishop, White wins an important tempo. } 7. ... Nb8 8.
 Re1 e5 9. dxe6 Bxe6 10. Nd4 Bd7 11. Bg5 {Pinning the knight, White 
intends to occupy an outpost in the center by Nc3-d5. } 11. ... h6 12. Bh4
Nc6 13. Nxc6?! ( {Black lacks space, therefore} 13. Nb3! { avoiding 
simplifying exchanges, would have been more unpleasant for him: } 13. ... 
Re8 14. f3 a5 15. a4 Nb4 16. Nb5! += {Vasiukov - Lerner, USSR (ch 1/2) 
Beltsy 1981)} ) 13. ... bxc6 {The doubled pawns control the central 
squares; at the same time Black obtains good counterplay along the b-file 
in combination with pressure along the long diagonal. } 14. f4 Qb8! 15. 
Rb1 Re8 16. Bf3 Be6 17. Bf2 Qb4! 18. a3 Qa5 19. Kh1 Rab8 20. Bd4 c5 21. 
Be3 Nd7! 22. Bd2 Qa6 23. Qc1 Kh7 24. b3 f5! 25. exf5 Bxf5 =+ 26. Rxe8 Rxe8
27. Nd5 Qc8 28. b4 Be4 29. Qd1 c6! 30. Bxe4 Rxe4 31. Nc3 Re7 32. Qf1 cxb4 
33. axb4 Nf6 34. Qd3 d5 35. h3 d4 36. Ne2 Ne4 37. Rf1 Qe6 38. Be1 c5 39. 
Bh4 c4 -/+ 40. Qd1 Rd7 41. Ng3 Nxg3+ 42. Bxg3 d3 43. cxd3 Rxd3 44. Qe1 
Qxe1 45. Bxe1 Rd1 0-1

[Event "Tatran Cup 31st"]
[Site "Stary Smokovec SVK"]
[Date "1983.11.27"]
[Round "3.7"]
[White "Plachetka, Jan"]
[Black "Azmaiparashvili, Zurab"]
[Result "0-1"]
[WhiteElo "2465"]
[BlackElo "2455"]
[EventDate "1983.11.25"]

{
http://ctart.chessok.com/course/chess-opening-semi-open-games-1-e4/pirc-ufimtsev-defence/classical-variation/variation-with-6-bg4
} 
1. d4 d6 2. e4 g6 3. Nc3 Bg7 4. Nf3 Nf6 5. Be2 O-O 6. O-O Bg4 7. Be3 Nc6 
8. h3 Bxf3! {This exchange increases the black pressure on the opponent's 
center.} 9. Bxf3 e5 ( 9. ... Nd7!? 10. Qd2 Nb6 11. Be2 e5 12. dxe5 dxe5 
13. Qxd8 Raxd8 14. Bc5 Rfe8 15. Bb5 Re6 16. Rad1 Nd4 17. Ne2 a6 18. Bd3 
Na4 19. Bxd4 exd4 20. b3 Nc5 {1/2-1/2(46) Ciric, Dragoljub M (2545) - 
Botvinnik, Mikhail URS (2696) / Hoogovens (7), Wijk aan Zee NED 1969} ) 
10. dxe5 ( 10. d5 Ne7 {Nd7,, f7-f5} ) 10. ... dxe5 11. Ne2 {Defending the 
d4-square from the black knight invasion. } ( 11. Qxd8 Rfxd8 12. Rfd1 Nd4 
13. Rac1 c6 14. Nb1 Nd7 15. c3 Nxf3+ 16. gxf3 Nf8 17. Na3 Ne6 18. Nc4 b6 
19. a4 f5 20. b4 Bf6 {0-1(44) Sulskis, Sarunas (2525) - Smirin, Ilia 
(2575) / EU Team Ch (Men) (5), Pula CRO 1997} ) 11. ... Qe7 12. c3 Rfb8 
13. b4 ( 13. Nc1 a5 14. Qc2 Nd8 15. Nb3 Ne6 16. Nd2 Ne8 17. Rfd1 Bf6 18. 
g3 Bg5 19. Nf1 Nd6 20. h4 Bxe3 {1/2-1/2(36) Short, Nigel D (2475) - 
Azmaiparashvili, Zurab (2455) / Baku (?), Baku AZE 1983} ) 13. ... a5 14. 
b5 Nd8 15. Qa4 Ne6 16. Rfd1 h5! 17. Rd2 Kh7! {Preparing the dark-squared 
bishop exchange. } 18. Rad1 Bh6! 19. Bxh6 Kxh6 =+ {xBf3, xc5} 20. Nc1 Ng5 
21. Qc4 Kg7 22. Nd3 Rd8 23. Ne1 Rxd2 24. Rxd2 Rd8 25. Rxd8 Qxd8 26. Qe2 
Qd7 27. h4 Ne6 28. Qd3 Nc5! 29. Qxd7 Nfxd7 30. Nc2 Nf6 -/+ 31. Ne3 Nfxe4 
32. Nd5 c6 33. bxc6 bxc6 34. Bxe4 Nxe4 35. Ne7 Nxc3 36. Nxc6 a4 37. Nb4 
Kf6 38. Kf1 Kf5 39. Ke1 Kg4 40. Kd2 Nxa2 41. Nxa2 Kxh4 42. Kc2 e4 43. Nc3 
e3! 44. fxe3 Kg3 0-1

[Event "Pula zt"]
[Site "Pula CRO"]
[Date "1975.11.06"]
[Round "12"]
[White "Andersson, Ulf"]
[Black "Hazai, Laszlo"]
[Result "1-0"]
[WhiteElo "2565"]
[BlackElo "2420"]
[EventDate "1975.10.??"]

1. Nf3 g6 2. e4 Bg7 3. d4 d6 4. Be2 Nf6 5. Nc3 O-O 6. O-O Bg4 7. Be3 Nc6 
8. Qd2 {White does not waste a tempo for h2-h3, but concentrates his 
forces in the center, preparing to meet the e7-e5 advance fully armed. } 
8. ... e5 9. dxe5!? dxe5 10. Rad1 {A seemingly harmful, yet poisoned plan.
In the symmetric pawn structure White pins his hopes on harmonious 
position of his pieces and temporary inactivity of the g7-bishop. } 
10. ... Qc8 ( 10. ... Qe7 11. Bg5 Bxf3 12. Bxf3 Nd4 13. Nd5 Qd6 14. c3 
Nxf3+ 15. gxf3 Nxd5 16. Qxd5 Qxd5 17. Rxd5 f6 18. Be3 Rf7 19. Rfd1 += b6 
20. a4 f5 {1-0(65) Andersson, Ulf (2630) - Anand, Viswanathan (2610) / 
Novi Sad ol (Men) (9), Novi Sad SRB 1990} ) ( 10. ... Qxd2 11. Rxd2 Rfd8 
12. Rfd1 Rxd2 13. Rxd2 Ne8 14. Nd5 Bxf3 15. gxf3 Nd4 16. Bd1 Ne6 17. c3 
Bf8 = 18. Ba4 c6 19. Nb4 Bc5 20. Nd3 Bxe3 {1-0(57) Larsen, Bent - Ivkov, 
Borislav / Piatigorsky-Cup 2nd (10), Santa Monica, CA USA 1966} ) 11. Qc1 
Rd8 12. Rxd8+ Qxd8 13. Rd1 Qf8 14. h3 Bxf3 15. Bxf3 Rd8 16. Rxd8 Qxd8 17. 
Qd1! ( 17. Qd2 Qxd2 18. Bxd2 Nd4 19. Bd1 c6 20. g3 Bf8 21. Kg2 Bb4 22. Nb1
Bxd2 23. Nxd2 Kf8 24. c3 {1/2-1/2 Karpov, Anatoly (2715) - Timman, Jan H 
(2675) /  (?),  1988} ) 17. ... Qxd1+ 18. Bxd1 {The endgame that has 
arisen is better for White thanks to his bishop pair. The light-squared 
bishop, which will get into the game after c2-c3, is particularly strong 
because it does not have a counterpart. } 18. ... Nd4 19. f3 Ne8?! ( 
19. ... a6!? 20. Na4 Nd7 += ) 20. Nd5! c6 ( 20. ... Kf8 21. c3 Nc6 22. Ba4
+/- ) 21. Ne7+ Kf8 22. Nc8 a6 23. c3 Nb5 24. a4 Nbc7 25. Bb3 Bf6 26. Nb6 
+/- Ne6 ( 26. ... Ke7? 27. Bc5+? +- ) 27. Bxe6! fxe6 28. Bc5+ Kf7 29. Nd7 
Kg7 30. Kf2 Bh4+ 31. g3 Bf6 32. Ke2 Bd8 33. Bf2! Bf6 34. Nc5 Nd6 35. Nxe6+
Kf7 36. Nc5 Bd8 37. b3 Ba5 38. b4 Bc7 39. a5 Bb8 40. Be3 1-0

[Event "Belgrade Investbank"]
[Site "Belgrade SRB"]
[Date "1989.11.??"]
[Round "11"]
[White "Ehlvest, Jaan"]
[Black "Timman, Jan H"]
[Result "1/2-1/2"]
[WhiteElo "2620"]
[BlackElo "2635"]
[EventDate "1989.11.??"]

1. e4 d6 2. d4 Nf6 3. Nc3 g6 4. Nf3 Bg7 5. Be2 O-O 6. O-O Bg4 7. Be3 Nc6 
8. Qd2 e5 9. dxe5 dxe5 10. Rad1 Qc8 11. Qc1 Rd8 12. Rxd8+ Qxd8 13. Rd1 Qf8
14. h3 Bxf3 15. Bxf3 {The passive stance of the g7-bishop is Black's main 
problem in this position, so the correct method of defense involves an 
attempt to exchange it. } 15. ... a6 ( 15. ... Rd8 16. Nb5 Rxd1+ 17. Qxd1 
Qb8 18. c3 Bf8 19. b4 a6 20. Na3 a5 21. b5 Bxa3 22. bxc6 b6 23. Bg5 Kg7 
24. Bxf6+ {1/2-1/2 Browne, Walter S (2560) - Azmaiparashvili, Zurab (2610)
/ Dortmunder Schachtage-A 18th (7), Dortmund GER 1990} ) ( 15. ... Rd8 16.
 Nb5 Rxd1+ 17. Qxd1 Qb8 18. c3 Bf8 19. Bg5 Be7 20. Bxf6 Bxf6 21. Qd7 Qd8 
22. Bg4 h5 23. Qxd8+ Bxd8 24. Bc8 b6 25. Bb7 Na5 26. Ba6 Nc6 27. Bb7 Na5 {
1/2-1/2 Ivanchuk, Vassily (2390) - Azmaiparashvili, Zurab (2465) / URS Ch 
U20 (?), Tallinn EST 1986} ) 16. Nb1 h5! ( 16. ... Rd8 17. Rxd8 Qxd8 18. 
c3 Qd3 19. Nd2 Bf8 20. Qb1 Qb5 21. Qc2 Nd8 22. Qb3 Qd3 23. Qc4 Qd6 24. Qe2
Qe6 25. Qd3 Nc6 26. a3 Qe7 27. b4 Nd8 28. Nc4 Nd7 29. Bg4 Ne6 30. Na5 b5 {
1-0(43) Petrosian, Tigran A (2610) - Sax, Gyula (2590) / Keres Memorial 
(17), Tallinn EST 1979} ) 17. c3 Kh7! 18. Na3 Bh6! 19. Nc2 1/2-1/2

[Event "URS Ch otbor"]
[Site "Beltsy"]
[Date "1977.??.??"]
[Round "?"]
[White "Yurtaev, Leonid"]
[Black "Karasev, Vladimir I"]
[Result "1/2-1/2"]
[WhiteElo "2200"]
[BlackElo "2515"]
[EventDate "1977.08.25"]

1. e4 d6 2. d4 Nf6 3. Nc3 g6 4. Nf3 Bg7 5. Be2 O-O 6. O-O Bg4 7. Be3 Nc6 
8. Qd2 e5 9. d5 {The main objection after which the position assumes the 
King's Indian shape} 9. ... Ne7 10. Rad1 Nd7 11. Ne1 {The light-squared 
bishop exchange is favorable for White in positions of the King's Indian 
kind. In compensation for this Black gets an opportunity to launch 
counterplay on the kingside right off. 
} 11. ... Bxe2 12. Qxe2 f5! 13. f4 ( 13. f3 f4 14. Bf2 g5 ) 13. ... exf4 
14. Bxf4 Bxc3! {This unexpected exchange of the powerful bishop allows 
Black to gain the initiative. } 15. bxc3 fxe4 16. Qxe4 Nc5 17. Qc4 Qd7 18.
 Nd3 Qa4! 19. Qxa4 Nxa4 20. c4 Nf5 21. Rde1 Rae8 22. c5 Nc3! 23. cxd6 cxd6
24. Rxe8 Rxe8 25. g4 Nd4 26. Bxd6 Nxd5 27. Bc5 =+ Nc6 ( 27. ... Nxc2 28. 
Bxa7 b6 29. Nf4 Nde3 30. Rf3 Nd4 31. Rh3 Nc4 32. Nd5 Rd8 33. Ne3 ( 33. 
Nxb6? Ne5 34. Na4 Ndf3+ 35. Kg2 Ra8 -+ ) 33. ... Ne2+ 34. Kf2 Nf4 35. Rf3 
Nd3+ 36. Kg1 =+ ) 28. Nf4 Nxf4 29. Rxf4 g5 30. Rf5 h6 31. Rf6 Re4 32. h3 
Rc4 33. Bf8 Rxc2 34. Bxh6 Rxa2 35. Rf8+ Kh7 36. Bxg5 a5 37. Bf6 Ra4 38. g5
Nd4 39. Kf2 Nf5 40. Rf7+ Kg6 41. Rxb7 Ra3 42. Kg2 Nh4+ 43. Kh2 1/2-1/2

[Event "October Revolution 60"]
[Site "Leningrad RUS"]
[Date "1977.06.27"]
[Round "3"]
[White "Karpov, Anatoly"]
[Black "Smejkal, Jan"]
[Result "1-0"]
[WhiteElo "2690"]
[BlackElo "2575"]
[EventDate "1977.06.25"]

{
http://ctart.chessok.com/course/chess-opening-semi-open-games-1-e4/pirc-ufimtsev-defence/classical-variation/variation-with-6-bg4?page=2
} 
1. e4 g6 2. d4 Bg7 3. Nc3 d6 4. Nf3 Nf6 5. Be2 O-O 6. O-O Bg4 7. Be3 Nc6 
8. Qd2 e5 9. d5 Ne7 10. Rad1 Kh8 {A useful temporizing move. An 
unproductive position of the e7-knight is Black's headache in the King's 
Indian set-up, therefore he vacates the g8-square for the knight 
maneuvering. } 11. h3 Bxf3 12. Bxf3 Nd7 13. Be2 f5 14. f4 a6 ( 14. ... g5 
15. fxg5 f4 16. Bf2 h6 17. gxh6 Bxh6 18. Bg4 Nf6 19. Qe2 Rg8 20. Be6 Rg7 
21. Kh1 Ng6 22. Rg1 Qe7 23. Rd3 Rh7 24. Bf5 Rg8 25. g3 Rhg7 {1-0(44) 
Karpov, Anatoly (2690) - Keene, Raymond D (2510) / EU Team Ch (Men) 06th 
(5.1), Moscow RUS 1977} ) 15. fxe5 Nxe5 16. Rf2 Qd7 17. Rdf1 += {Eventual 
weakness of the light squares in the enemy camp secures White a slight 
edge. } 17. ... fxe4 18. Nxe4 Rxf2 19. Bxf2 h6 20. b3 Rf8 21. c4 g5 22. 
Ng3 N7g6 23. Be3 Rxf1+ 24. Bxf1 Qf7 25. Qc2 Nh4 26. Be2 Neg6 27. Bd3 Be5 
28. Bf2 Nf4 29. Be4 Qf6 30. Qd1! b6 31. Qg4! Kg7 32. Be3 Kf7 33. Qc8! Qe7 
34. Bh7! +- Nxh3+ 35. Qxh3 1-0

[Event "Moscow"]
[Site "Moscow RUS"]
[Date "1975.??.??"]
[Round "?"]
[White "Geller, Efim P"]
[Black "Tal, Mikhail"]
[Result "1-0"]
[WhiteElo "2600"]
[BlackElo "2645"]
[EventDate "1975.10.14"]

1. e4 d6 2. d4 Nf6 3. Nc3 g6 4. Nf3 Bg7 5. Be2 O-O 6. O-O Bg4 7. Be3 Nc6 
8. Qd2 e5 9. d5 Ne7 10. Rad1 Bd7 {A logical continuation. Black keeps his 
important light-squared bishop from being exchanged, creates a threat of 
¤g4 and prepares the b7-b5 advance. } 11. Ne1 ( 11. h3 b5 12. b4 a5 13. 
a3 Qb8 14. Bg5 Kh8 15. Rb1 a4 16. Rbd1 Qb7 17. Qd3 Rab8 18. Bxf6 Bxf6 19. 
Nb1 Rfd8 20. c4 c6 {1/2-1/2(32) Karpov, Anatoly (2695) - Timman, Jan H 
(2550) / Amsterdam (3), Amsterdam NED 1976} ) 11. ... Ng4 12. Bxg4 Bxg4 
13. f3 Bd7 14. f4! {White opens up the game, intending to exploit an 
awkward position of the e7-knight. The price he has to pay is the 
g7-bishop's revival. } 14. ... exf4 15. Bxf4 f5 16. Nf3 fxe4 17. Nxe4 Bg4 
18. Rde1 Qd7 19. Neg5! Rae8 20. c4 Nc8 21. Nd4! {Vulnerability of the 
e6-square decides the game. } 21. ... Rxe1 22. Rxe1 Re8 23. Rxe8+ Qxe8 24.
 h3 Bd7 25. Nde6 Bxe6 26. Nxe6 Qf7 27. b3 Qf6 28. Nxc7! Qa1+ 29. Kh2 Bd4 
30. Qe2 Ne7 31. Nb5 Bg1+ 32. Kg3 Nf5+ 33. Kf3 Nh4+ 34. Kg4! Nf5 35. Qe8+ 
Kg7 36. Qd7+ Kh8 37. Nxd6 Qd1+ 38. Kg5 Qh5+ 39. Kf6 Bd4+ 40. Ke6 Ng7+ 41. 
Kf7 g5+ 1-0

[Event "IBM"]
[Site "Amsterdam NED"]
[Date "1977.??.??"]
[Round "15"]
[White "Liberzon, Vladimir M"]
[Black "Adorjan, Andras"]
[Result "0-1"]
[WhiteElo "2550"]
[BlackElo "2530"]
[EventDate "1977.06.??"]

1. e4 d6 2. d4 Nf6 3. Nc3 g6 4. Nf3 Bg7 5. Be2 O-O 6. O-O Bg4 7. Be3 Nc6 
8. Qd2 e5 9. d5 Ne7 10. Rad1 Bd7 11. Ne1 Ng4 12. Bxg4 Bxg4 13. f3 Bd7 14. 
f4 Bg4! {The light-squared bishop is returning to fight for the center. } 
15. Rb1 {Hoping to restrict the g4-bishop in the future, White decreases 
his control of the d-file. } 15. ... c6 16. fxe5 ( 16. h3 Bd7 17. dxc6 
Bxc6 18. Rd1 exf4 19. Rxf4 f5 20. Qd3 fxe4 {1-0(57) Karpov, Anatoly (2690)
- Adorjan, Andras (2530) / Las Palmas (8), Las Palmas ESP 1977} ) ( 16. h3
Bd7 17. fxe5 dxe5 18. d6 Nc8 19. Rd1 Nb6 20. b3 Be6 {1/2-1/2(53) Karpov, 
Anatoly (2690) - Timman, Jan H (2590) / Tilburg (1), Interpolis 1 1977} ) 
16. ... dxe5 17. Bc5 b6 ( 17. ... cxd5? 18. Qg5! +- {Liberzon - Chandler, 
Hastings 1981} ) 18. Ba3 c5 19. b4! cxb4 20. Bxb4 Bd7 {A sharp position 
has arisen: White's powerful protected passed pawn on d5 is set off by 
Black's bishop pair and eventual counterplay with f7-f5. } 21. Nf3 h6 22. 
Rfe1 Kh7 23. Ba3 Rc8 24. Nb5 Rc4 25. Qd3 Ra4! 26. c4 f5! 27. Nd2 a6 28. 
Nc7 b5! 29. d6 Nc6 30. c5 Nd4 31. Rbc1 Qg5 32. Nf3 Nxf3+ 33. Qxf3 fxe4 34.
 Qe3 Qxe3+ 35. Rxe3 h5! -/+ 36. Rb3 Bh6 37. Re1 Bd2 38. Re2 e3 39. h3 b4 
40. Bb2 Rxa2 41. Bxe5 Rc2 42. Bd4 Rf1+! 43. Kh2 h4 44. g3 Bc6 45. gxh4 Be1
0-1

[Event "EU Team Ch (Men) 06th"]
[Site "Moscow RUS"]
[Date "1977.04.??"]
[Round "3.2"]
[White "Gligoric, Svetozar"]
[Black "Pfleger, Helmut"]
[Result "1-0"]
[WhiteElo "2565"]
[BlackElo "2540"]
[EventDate "1977.04.13"]

1. d4 d6 2. e4 Nf6 3. Nc3 g6 4. Nf3 Bg7 5. Be2 O-O 6. O-O Bg4 7. Be3 Nc6 
8. Qd2 e5 9. d5 Ne7 10. Rad1 Bd7 11. Ne1 Ng4 12. Bxg4 Bxg4 13. f3 Bd7 14. 
f4 Bg4 15. Nf3 {This developing centralizing move looks more reasonable. }
15. ... Qd7?! ( 15. ... f5 16. Rde1 Bxf3 17. Rxf3 Qd7 18. fxe5 dxe5 19. 
Bh6 {1/2-1/2 Geller, Efim P (2590) - Timman, Jan H (2590) / Hoogovens (1),
Wijk aan Zee NED 1977} ) ( 15. ... exf4 16. Bxf4 f5 17. Rde1 Bxf3 18. Rxf3
Qd7 19. e5 dxe5 20. Bxe5 Nc8 21. Bxg7 Qxg7 22. h4 Nd6 23. Qf4 Ne4 24. Nxe4
fxe4 25. Qxe4 Rxf3 {1/2-1/2(39) Karpov, Anatoly (2700) - Nunn, John D M 
(2565) / Hamburg TV-A (1), Hamburg GER 1982} ) 16. fxe5! dxe5 17. Bc5! f5 
18. Qg5! {Suddenly the black center turns out to be under strong pressure.
} 18. ... Bf6 19. Qh6 Rf7 ( 19. ... Bg7 20. Qh4! Bf6 21. Ng5 Rf7 22. Qh6 
+/- ) 20. d6! cxd6 21. Rxd6 Qc7 22. Ba3 +/- Bg7 23. Qh4 Bxf3 24. Rxf3 Raf8
25. Re6 fxe4 26. Rxf7 Rxf7 27. Qxe4 Rf4 28. Qe2 Nf5 29. Nd5 Nd4 30. Qd3 
Qf7 31. Nxf4 Nxe6 32. Nxe6 Qxe6 33. Qd8+ Kf7 34. Qc7+ Kf6 35. Qxb7 e4 ( 
35. ... Qxa2 36. Qe7+ +- ) 36. Bc5 Qc4 37. Qc6+ Kf7 38. Qd7+ 1-0